Návrh automatizovaného systému riadenia zásobovania v Kovoplaste PMP Nitra záverečná práca postgraduálneho štúdia

Enregistré dans:
Détails bibliographiques
Auteur principal: Jusna, Juraj
Collectivité auteur: Vysoká škola ekonomická v Bratislave
Autres auteurs: Ivanička, Koloman
Format: Livre
Langue:slovaque
Publié: Bratislava 1988
Tags: Ajouter un tag
Pas de tags, Soyez le premier à ajouter un tag!

MARC

LEADER 00000nam a2200000 4500
001 c033149
005 20221219091840.6
041 0 |a slo 
044 |a SK 
245 1 0 |a Návrh automatizovaného systému riadenia zásobovania v Kovoplaste PMP Nitra  |b záverečná práca postgraduálneho štúdia  |c Juraj Jusna ; ved. práce Koloman Ivanička 
264 1 |a Bratislava  |c 1988 
300 |a 33 s. 
100 1 |a Jusna, Juraj 
700 1 |a Ivanička, Koloman 
710 2 |a Vysoká škola ekonomická v Bratislave